000 00594nam a2200145 a 4500
001 000031320
005 20200930062840.0
008 110620s1956 dr ac r 000 0 spa d
040 _aDO-SdBNP
_bspa
_cBNPHU
082 _axxxx
_bE96
111 1 _aExposición bienal de artes plásticas
_n(8va :
_d16 de agost- 1 de sept. 1956 :
_cCiudad Trujillo, República Dominicana)
_957768
245 1 0 _aOctava exposición bienal de artes plásticas.
260 _aCuidad Trujillo, República Dominicana :
_bSecretaría de Estado de Educación y Bellas Artes,
_c[1956].
300 _a97 p. :
_bil., retrs. ;
_c17 cm.
999 _c30812
_d30812